000 00472ntaaa2200181 4500
003 01
005 20251027201624.0
008 0714s1973 ag 01
040 _aAR-BaBN
_bspa
_cAR-BaBN
_eaacr
_dRIC
082 _a248.4000 M27
100 _aMaguire, John David
_914958
245 _aThe dance of the pilgrim
250 _a1 ed.
260 _aNew York :
_bAssociation Press,
_cc1967
300 _a128 p
500 _aUna guía para la vida cristiana hoy día
942 _cBK
999 _c10881
_d10881